000 00539nmm a22001937a 4500
005 20140321081648.0
008 131127b2007 ck ||||| |||| 00| 0 spa d
020 _a9789588188102
041 _aspa
044 _ack
090 _aLB
_b05796
110 _aCorporación Autónoma Regional de Cundinamarca
_93054
245 _aÁreas protegidas del territorio CAR
260 _aBogotá
_bCAR
_c2009
300 _a117 p.
_bil. (col), imagenes,
_c13 cm
504 _aIncluye bibliografía
505 _aIncluye contenido
942 _2z
_cCD-ROM
999 _c7944
_d7944